| 000 | 01825nab a2200265 i 4500 | ||
|---|---|---|---|
| 003 | BR-BrBNA | ||
| 005 | 20250716192309.0 | ||
| 008 | 250716b2019 bl.ar|pooa||| 00| 0 eng | | ||
| 040 |
_aBR-BrBNA _beng |
||
| 072 | _aF70 | ||
| 100 | _aSantos, Tacila Ribeiro | ||
| 100 | _aLuz, Edna Dora Martins Newman | ||
| 100 | _aEvans, Harry C. | ||
| 100 | _aBezerra, José Luiz | ||
| 245 | _aSpermosporella irenopsidis sp. nov. and Spermatoloncha maticola, parasitic on black mildew (Irenopsis vincensii) of rubber in Bahia, Brazil | ||
| 500 | _aPublicação on-line; 14 ref.; 4 illus; Summaries (En, Pt) | ||
| 520 | _a Abstract A new species of the genus Spermosporella and a new record of Spermatoloncha maticola are reported parasitizing the black mildew (Irenopsis vincensii) on leaves of Hevea brasiliensis the Bahia, Brazil. Both species are described and illustrated and all Spermosporella species are compared. Key words: fungicolous fungi, Hevea brasiliensis, Meliolales, taxonomy. Resumo Uma nova espécie do gênero Spermosporella e um novo registro de Spermatoloncha maticola são reportados parasitando o Míldio Negro (Irenopsis vincensii) em folhas de Hevea brasiliensis na Bahia, Brasil. Ambas as espécies são descritas e ilustradas, e todas as espécies de Spermosporella são comparadas. Palavras-chave: fungos fungícolas, Hevea brasiliensis, Meliolales, taxonomia. | ||
| 650 | _aFUNGO | ||
| 650 | _aHEVEA BRASILIENSIS | ||
| 650 | _aTAXONOMIA | ||
| 773 | 0 |
_0709 _9351354 _dRio de Janeiro-RJ Jardim Botanico do Rio de Janeiro 1935 _o2025-3977 _tRodriguésia (Brazil) _x0370-6583; 2175-7860 on-line _gv. 70 p. 1-4; (2019) _wBR2025003250 |
|
| 856 | _uhttps://www.scielo.br/j/rod/a/SxTsvxrtYdMV3vHRM3CdWty/?format=pdf&lang=pt | ||
| 942 | _cANA | ||
| 999 |
_c333938 _d333938 |
||